ARRUPE JESUIT UNIVERSITY

CORONAVIRUS -STOP THE SPREAD - CLEAN,DISINFECT,COVER

Newman on development : (Record no. 118312)

MARC details
000 -LEADER
fixed length control field 00957cam a2200277 i 4500
001 - CONTROL NUMBER
control field 2269363
003 - CONTROL NUMBER IDENTIFIER
control field ARRUPE
005 - DATE AND TIME OF LATEST TRANSACTION
control field 20141029020007.0
008 - FIXED-LENGTH DATA ELEMENTS--GENERAL INFORMATION
fixed length control field 780607s1975 enk b 001 0 eng
010 ## - LIBRARY OF CONGRESS CONTROL NUMBER
LC control number 78306891
015 ## - NATIONAL BIBLIOGRAPHY NUMBER
National bibliography number GB76-01531
020 ## - INTERNATIONAL STANDARD BOOK NUMBER
International Standard Book Number 0722075472 :
Terms of availability £11.00
040 ## - CATALOGING SOURCE
Original cataloging agency DLC
Transcribing agency DLC
Modifying agency DLC
050 00 - LIBRARY OF CONGRESS CALL NUMBER
Classification number BT1750
Item number .N44.L343 1975
300 ## - PHYSICAL DESCRIPTION
Dimensions 23 cm.
100 1# - MAIN ENTRY--PERSONAL NAME
Personal name Lash, Nicholas.
9 (RLIN) 2389
245 10 - TITLE STATEMENT
Title Newman on development :
Remainder of title the search for an explanation in history /
Statement of responsibility, etc Nicholas Lash.
260 ## - PUBLICATION, DISTRIBUTION, ETC. (IMPRINT)
Place of publication, distribution, etc London :
Name of publisher, distributor, etc Sheed and Ward,
Date of publication, distribution, etc 1975.
300 ## - PHYSICAL DESCRIPTION
Extent xiii, 264 p. ;
500 ## - GENERAL NOTE
General note Includes indexes.
504 ## - BIBLIOGRAPHY, ETC. NOTE
Bibliography, etc Bibliography: p. [209]-243.
600 10 - SUBJECT ADDED ENTRY--PERSONAL NAME
Personal name Newman, John Henry,
Dates associated with a name 1801-1890.
Title of a work Essay on the development of Christian doctrine.
9 (RLIN) 2390
610 20 - SUBJECT ADDED ENTRY--CORPORATE NAME
Corporate name or jurisdiction name as entry element Catholic Church
General subdivision Doctrines
-- History
Chronological subdivision 19th century.
9 (RLIN) 2391
650 #0 - SUBJECT ADDED ENTRY--TOPICAL TERM
Topical term or geographic name as entry element Dogma, Development of.
9 (RLIN) 2392
906 ## - LOCAL DATA ELEMENT F, LDF (RLIN)
a 7
b cbc
c orignew
d 3
e ncip
f 19
g y-gencatlg
942 ## - ADDED ENTRY ELEMENTS (KOHA)
Source of classification or shelving scheme Library of Congress Classification
Koha item type Monograph ( Printed materials)
Koha issues (borrowed), all copies 1
Holdings
Withdrawn status Lost status Source of classification or shelving scheme Damaged status Not for loan Home library Current library Shelving location Date acquired Total Checkouts Full call number Barcode Date last seen Date checked out Price effective from Koha item type
    Library of Congress Classification     ARRUPE LIBRARY ARRUPE LIBRARY Main Collection 10/10/2013 1 BT1750 .N44.L343 1975 46410944 22/11/2017 28/10/2014 10/10/2013 Monograph ( Printed materials)

 

Arrupe Library. PO Box MP320 Mt Pleasant, Harare, Zimbabwe
263 242 745411|librarian@aju.ac.zw